000 00632nam a2200181 i 4500
001 57223
003 ES-MaACL
005 20230906163533.0
007 t|
008 031015m19621965sp ||||1| spa d
245 0 0 _aDocumentos para la historia del monasterio de San Lorenzo el Real de El Escorial /
_ceditados y prologados por Gregorio de Andrés.
260 _aEl Escorial :
_b[s.n.,
_c1962-1965] (
_fImp. Monasterio)
300 _a4 v. ;
_c25 cm.
500 _aSon los vols. V, VI, VII, VIII.
610 2 4 _aMonasterio de El Escorial-
_vHistoria.
_95730
700 1 _aAndrés, Gregorio de.
_921574
852 _aES-MaACL
_jP-469-Ter
999 _c57223
_d57223